| 000 | 00726nam a22002055i 4500 | ||
|---|---|---|---|
| 001 | 168826 | ||
| 003 | ES-MaACL | ||
| 005 | 20251013212929.0 | ||
| 008 | 080612s1907 fr |||| | fre d | ||
| 080 | _a782.089.6 | ||
| 100 | 1 |
_aLeroux, Xavier. _971793 |
|
| 240 | 1 | 3 |
_aLe chemineau. _hPartitura de coro |
| 245 | 1 | 3 |
_aLe chemineau _b: drame lyrique en quatre actes / _cde Jean Richepin ; musique de Xavier Leroux. |
| 260 |
_aParis : _bChoudens, _c[1907] |
||
| 300 |
_a1 partitura de coro (91 p.) ; _c19 cm. |
||
| 650 | 1 | 4 |
_aÓperas- _xPartituras de coro. _9137579 |
| 700 | 1 |
_aRichepin, Jean, _d1849-1926 _996950 |
|
| 852 | 4 |
_aES-MaACL _jE-12100 _9R.140001 _zBiblioteca Jacinto Martínez Lacalle |
|
| 999 |
_c168826 _d168826 |
||